[Event "Alcorcon Diagonal op 2nd"]
[Site "Alcorcon"]
[Date "2023.12.27"]
[Round "3"]
[White "Zhao, Yuyang"]
[Black "Garcia Lafuente, Alvaro"]
[Result "1-0"]
[WhiteElo "1609"]
[BlackElo "1232"]
[PlyCount "39"]
[EventDate "2023.12.26"]
[EventType "swiss"]
[EventRounds "9"]
[EventCountry "ESP"]
[SourceTitle "CB01_2024"]
[SourceDate "2024.01.03"]
[SourceVersion "1"]
[SourceVersionDate "2024.01.03"]
[SourceQuality "1"]

1. d4 e6 2. Nf3 d5 3. e3 Nf6 4. b3 Be7 5. Bb2 0-0 6. Nbd2 b6 7. Bd3 c5 8. Ne5 Bb7 9. Qf3 Nbd7 10. Rg1 Qc7 11. Qh3 Bd6 12. Ndf3 Ne4 13. Bxe4 dxe4 14. Ng5 h6 15. Nxe6 fxe6 16. Qxe6+ Kh8 17. Nxd7 Bc8 18. dxc5 Bxc5 19. Qxh6+ Kg8 20. Qxg7# 1-0

[Event "Madrid-ch Previa B"]
[Site "Madrid"]
[Date "2023.02.25"]
[Round "9.13"]
[White "Zhao, Yuyang"]
[Black "Godoy Herrera, Carlos"]
[Result "0-1"]
[WhiteElo "1482"]
[BlackElo "1701"]
[PlyCount "60"]
[EventDate "2023.02.02"]
[EventType "swiss"]
[EventRounds "9"]
[EventCountry "ESP"]
[SourceTitle "EXT 2024"]
[Source "ChessBase"]
[SourceDate "2023.10.10"]
[SourceVersion "1"]
[SourceVersionDate "2023.10.10"]
[SourceQuality "1"]

1. d4 d5 2. Bf4 Nf6 3. e3 e6 4. Nf3 Bd6 5. Ne5 0-0 6. Nd2 c5 7. c3 Qc7 8. Bd3 Nbd7 9. Ndf3 Ne4 10. Qc2 f5 11. 0-0 b6 12. c4 Bb7 13. Rac1 g5 14. Nxg5 Nxg5 15. Bxg5 Nxe5 16. dxe5 Bxe5 17. f4 Bg7 18. cxd5 Bxd5 19. e4 fxe4 20. Bxe4 Qc6 21. Bxh7+ Kh8 22. Bd3 Bd4+ 23. Kh1 Kg7 24. Qe2 Rh8 25. Qg4 Kf7 26. f5 e5 27. f6 Rag8 28. Be2 Be3 29. Qh5+ Rxh5 30. Bxh5+ Kf8 0-1

[Event "Madrid-ch Previa B"]
[Site "Madrid"]
[Date "2023.02.04"]
[Round "3.21"]
[White "Zhao, Yuyang"]
[Black "Alcojor Patilla, Antonio"]
[Result "1-0"]
[WhiteElo "1482"]
[BlackElo "1658"]
[PlyCount "77"]
[EventDate "2023.02.02"]
[EventType "swiss"]
[EventRounds "9"]
[EventCountry "ESP"]
[SourceTitle "EXT 2024"]
[Source "ChessBase"]
[SourceDate "2023.10.10"]
[SourceVersion "1"]
[SourceVersionDate "2023.10.10"]
[SourceQuality "1"]

1. d4 f5 2. Bf4 e6 3. Nf3 b6 4. e3 Bb7 5. Nbd2 Nf6 6. c3 Be7 7. Bc4 0-0 8. h3 h6 9. g4 d5 10. Bd3 Ne4 11. Ne5 Qe8 12. Qf3 Nd7 13. Bxe4 Nxe5 14. dxe5 fxe4 15. Qg3 g5 16. Rg1 gxf4 17. exf4 Qf7 18. f5 exf5 19. gxf5+ Kh7 20. e6 Qf6 21. Qxc7 Ba6 22. Rg6 Qh4 23. Rg4 Rfc8 24. Qf4 Qxh3 25. 0-0-0 Rxc3+ 26. Kb1 Qd3+ 27. Ka1 Rac8 28. Rb1 Rc1 29. f6 Qxd2 30. Qxd2 Rxb1+ 31. Kxb1 Bd3+ 32. Ka1 Bxf6 33. Rg1 Rc2 34. Qb4 Bxb2+ 35. Qxb2 Rxb2 36. Kxb2 d4 37. a4 Bc4 38. e7 Bf7 39. Rg4 1-0

[Event "Madrid Alcorcon op 1st"]
[Site "Madrid"]
[Date "2022.12.29"]
[Round "7"]
[White "Ortega Sanchez Montanez, Marcos"]
[Black "Zhao, Yuyang"]
[Result "1-0"]
[WhiteElo "1571"]
[BlackElo "1360"]
[PlyCount "129"]
[EventDate "2022.12.26"]
[EventType "swiss"]
[EventRounds "9"]
[EventCountry "ESP"]
[SourceTitle "CBM 212 Extra"]
[Source "ChessBase"]
[SourceDate "2023.03.31"]
[SourceVersion "1"]
[SourceVersionDate "2023.03.31"]
[SourceQuality "1"]

1. d4 d5 2. c4 e6 3. Nc3 Nf6 4. Nf3 Be7 5. Bg5 h6 6. Bh4 0-0 7. e3 b6 8. cxd5 exd5 9. Qc2 c5 10. Rd1 Be6 11. Ne5 Nfd7 12. Bxe7 Qxe7 13. Nxd7 Nxd7 14. dxc5 Qxc5 15. Qd2 Nf6 16. Qd4 Rad8 17. Be2 Rfe8 18. 0-0 Bf5 19. Rfe1 Re6 20. Bf3 Red6 21. Qe5 Bg4 22. Bxg4 Nxg4 23. Qf4 Qc8 24. Rc1 Qd7 25. h3 Nf6 26. Qd4 Qf5 27. Nb5 Re6 28. Qf4 Qxf4 29. exf4 Rxe1+ 30. Rxe1 a6 31. Nd4 Re8 32. Rxe8+ Nxe8 33. Nf5 Nc7 34. Kf1 f6 35. Ke2 Kf7 36. Kd3 h5 37. Ne3 g6 38. f5 gxf5 39. Nxf5 Kg6 40. Ng3 Ne6 41. Ne2 Kg5 42. g3 f5 43. Nc3 Nc5+ 44. Ke3 h4 45. Nxd5 b5 46. Nc7 b4 47. gxh4+ Kxh4 48. Kf4 Nd3+ 49. Kxf5 Nxf2 50. Nxa6 b3 51. axb3 Nd3 52. b4 Nxb2 53. b5 Nc4 54. Ke6 Kxh3 55. Kd5 Na5 56. b6 Kg4 57. Kc5 Kf5 58. Kb5 Nb7 59. Kc6 Na5+ 60. Kc7 Ke6 61. Nb4 Nb3 62. b7 Nc5 63. b8Q Ke7 64. Qd8+ Kf7 65. Qd5+ 1-0

[Event "Madrid Alcorcon op 1st"]
[Site "Madrid"]
[Date "2022.12.26"]
[Round "1"]
[White "Gaibor Gallardo, Gonzalo"]
[Black "Zhao, Yuyang"]
[Result "1/2-1/2"]
[WhiteElo "2023"]
[BlackElo "1360"]
[PlyCount "95"]
[EventDate "2022.12.26"]
[EventType "swiss"]
[EventRounds "9"]
[EventCountry "ESP"]
[SourceTitle "CBM 212 Extra"]
[Source "ChessBase"]
[SourceDate "2023.03.31"]
[SourceVersion "1"]
[SourceVersionDate "2023.03.31"]
[SourceQuality "1"]

1. d4 d5 2. Nf3 Nf6 3. c4 e6 4. Bg5 Be7 5. Nc3 h6 6. Bxf6 Bxf6 7. e3 0-0 8. b4 b6 9. Rc1 Bb7 10. cxd5 exd5 11. Be2 Nd7 12. Qb3 Be7 13. 0-0 Nf6 14. Rc2 a5 15. b5 Bd6 16. Nd2 Re8 17. Bf3 Qd7 18. Rfc1 Qf5 19. Nf1 g5 20. Ng3 Qe6 21. a4 g4 22. Be2 h5 23. Bd3 h4 24. Nf5 g3 25. hxg3 hxg3 26. f3 Nh5 27. Re2 Ng7 28. Qc2 Nxf5 29. Bxf5 Qh6 30. Bh3 Rxe3 31. Rce1 Rae8 32. Nd1 Rxe2 33. Rxe2 Rxe2 34. Qxe2 Kf8 35. Ne3 Bc8 36. Ng4 Bxg4 37. fxg4 Qc1+ 38. Qf1 Qe3+ 39. Kh1 Qxd4 40. g5 Qf4 41. Qxf4 Bxf4 42. g6 Be3 43. gxf7 Kxf7 44. Be6+ Ke7 45. Bxd5 Kd6 46. Bb3 c6 47. bxc6 Kxc6 48. Bc4 1/2-1/2

[Event "Madrid-ch U12"]
[Site "Madrid"]
[Date "2022.04.10"]
[Round "6"]
[White "Zhao, Yuyang"]
[Black "Bozhkov Stoyanov, Cristopher"]
[Result "0-1"]
[WhiteElo "1438"]
[BlackElo "1395"]
[PlyCount "58"]
[EventDate "2022.04.02"]
[EventType "swiss"]
[EventRounds "6"]
[EventCountry "ESP"]
[SourceTitle "EXT 2024"]
[Source "ChessBase"]
[SourceDate "2023.10.10"]
[SourceVersion "1"]
[SourceVersionDate "2023.10.10"]
[SourceQuality "1"]

1. d4 Nf6 2. Bf4 g6 3. e3 Bg7 4. Be2 b6 5. Nd2 Bb7 6. Ngf3 0-0 7. c4 d6 8. h4 Nbd7 9. Rg1 Re8 10. g4 e5 11. Bh2 Ne4 12. g5 exd4 13. exd4 Nxd2 14. Nxd2 Bxd4 15. Kf1 Be5 16. f4 Bd4 17. Rg3 Re3 18. Nf3 Bc5 19. Bg1 Re8 20. h5 Qe7 21. Qd2 Be3 22. Qxe3 Qxe3 23. Bxe3 Rxe3 24. Kf2 Rae8 25. Re1 Nc5 26. Kf1 gxh5 27. Bd1 h4 28. Rh3 Nd3 29. Rxe3 Rxe3 0-1

[Event "Madrid-ch U12"]
[Site "Madrid"]
[Date "2022.04.09"]
[Round "4"]
[White "Herraiz Ciudad, Miguel"]
[Black "Zhao, Yuyang"]
[Result "1-0"]
[WhiteElo "1426"]
[BlackElo "1438"]
[PlyCount "55"]
[EventDate "2022.04.02"]
[EventType "swiss"]
[EventRounds "6"]
[EventCountry "ESP"]
[SourceTitle "EXT 2024"]
[Source "ChessBase"]
[SourceDate "2023.10.10"]
[SourceVersion "1"]
[SourceVersionDate "2023.10.10"]
[SourceQuality "1"]

1. e4 c5 2. c3 Nc6 3. d4 e6 4. d5 Nce7 5. Nf3 Nf6 6. d6 Nc6 7. e5 Ng4 8. Bf4 f6 9. exf6 Nxf6 10. Na3 a6 11. Nc4 b6 12. Be2 g6 13. 0-0 Bg7 14. a4 0-0 15. Qc2 Rb8 16. h3 Qe8 17. Nce5 Nxe5 18. Bxe5 Nh5 19. Bh2 Bb7 20. Qd2 b5 21. Ne5 Bc6 22. Nxc6 dxc6 23. d7 Qe7 24. Bxb8 Rxb8 25. Bxh5 gxh5 26. Rad1 Rd8 27. Qd6 Bf8 28. Qxc6 1-0

[Event "Madrid-ch U12"]
[Site "Madrid"]
[Date "2022.04.03"]
[Round "3"]
[White "Rico Ropero, Marcos"]
[Black "Zhao, Yuyang"]
[Result "1-0"]
[WhiteElo "1231"]
[BlackElo "1438"]
[PlyCount "65"]
[EventDate "2022.04.02"]
[EventType "swiss"]
[EventRounds "6"]
[EventCountry "ESP"]
[SourceTitle "EXT 2024"]
[Source "ChessBase"]
[SourceDate "2023.10.10"]
[SourceVersion "1"]
[SourceVersionDate "2023.10.10"]
[SourceQuality "1"]

1. d4 c5 2. c3 Nc6 3. e3 e6 4. Bd3 d5 5. f4 Nf6 6. Nd2 Be7 7. Ngf3 Bd7 8. 0-0 Qc7 9. Ne5 h5 10. Qf3 Bd6 11. b3 Rf8 12. Nxd7 Qxd7 13. Ba3 b6 14. dxc5 bxc5 15. c4 g5 16. fxg5 Ng4 17. g3 Nce5 18. Qe2 Nxd3 19. Qxd3 d4 20. exd4 cxd4 21. Bxd6 Qxd6 22. Ne4 Qe5 23. Qf3 Ne3 24. Nf6+ Ke7 25. Qb7+ Kd6 26. Ne4+ Qxe4 27. Qxe4 Nxf1 28. Qxd4+ Kc6 29. Rxf1 Rfd8 30. Qe4+ Kb6 31. Rxf7 Rd1+ 32. Kg2 Rad8 33. Rb7+ 1-0